Українські літературні казки (Запис № 17355)

000 -Маркер запису
Контрольне поле сталої довжини 01096nam a22002537a 4500
003 - Належність контрольного номера
Контрольне поле Uzh_bibl
008 - Кодовані дані
Контрольне поле сталої довжини 260416b |||||||| |||| 00| 0 ukr d
020 ## - Індекс ISBN
ISBN 5-7720-0689-4
Ціна 11,08
040 ## - Джерело каталогіз.
Код мови каталог. укр.
041 ## - Код мови видання
Код мови оригіналу українська
Код мови тексту українська
080 ## - Індекс УДК
Індекс УДК 821.161.2
090 ## - Шифри
Поличний індекс 821.161.2
Авторський знак У 45
100 ## - Автор
Автор -
245 ## - Назва
Назва Українські літературні казки
Відповідальність Упорядн. Віктор Полковенко
Фізичний носій Текст
260 ## - Вихідні дані
Місце видання Київ
Видавництво "Молодь"
Дата видання 1992
300 ## - Фізичний опис
Обсяг 296 с.
Ілл./тип відтвор. іл.
520 ## - Анотація
Анотація До збірника увійшли казки відомих українських письменників, у яких головним героєм виступає природа та її мешканці.
521 ## - Примітка про цільове призначення
Примітка про цільове призначення Для широкого кола читачів
546 ## - Примітка про мову
Примітка про мову укр.
650 ## - Тематичні рубрики
Основна рубрика Літературно-художнє видання
653 ## - Ключові слова
Ключові слова Жайвір співає людині
-- Звук павутинки
-- Земля світлячків
655 ## - Термін індексування — жанр/форма
Жанр/форма Художня література
Типове ділення Казки
942 ## - ADDED ENTRY ELEMENTS (KOHA)
Джерело класифікації чи схема поличного розташування
Koha item type Книги

Немає наявних примірників.

Працює на АБІС Коха